[Event "LXVIII ch-ESP Abierto"]
[Site "Burgos ESP"]
[Date "2003.10.25"]
[Round "2"]
[White "Baches Garcia,G"]
[Black "Gonzalez Perez,L"]
[Result "1-0"]
[WhiteElo "2400"]
[BlackElo "2223"]

1.c4 c6 2.Nf3 d5 3.e3 Nf6 4.Qc2 g6 5.b3 Bg7 6.Bb2 O-O 7.h3 Na6 8.d3 b6 9.a3 Bb7
10.Be2 dxc4 11.bxc4 c5 12.O-O Nc7 13.Nbd2 Ne6 14.Rad1 Nd7 15.Rfe1 Qc7 16.Qb1 Rad8
17.Qa1 Rfe8 18.Bf1 Bxb2 19.Qxb2 Ng7 20.Be2 e5 21.Ne4 Qb8 22.Nfd2 Ne6 23.Nc3 Nf6
24.Nde4 Nxe4 25.dxe4 Ng7 26.a4 Rxd1 27.Rxd1 Rd8 28.Rb1 Qa8 29.Nd5 Bxd5 30.cxd5 f6
31.a5 Rd6 32.Bb5 Qd8 33.Bc6 Ne6 34.axb6 axb6 35.Ra1 Qc7 36.Ra8+ Nf8 37.Qa2 f5
38.f4 Qe7 39.Re8 Qf7 40.Qa8  1-0

[Event "300 Years"]
[Site "St Petersburg RUS"]
[Date "2003.10.26"]
[Round "9"]
[White "Zakharchenko,A"]
[Black "Doukhine,I"]
[Result "0-1"]
[WhiteElo "2338"]
[BlackElo "2315"]

1.c4 c6 2.e4 d5 3.exd5 Nf6 4.d4 cxd5 5.Nc3 Nc6 6.Nf3 Bg4 7.cxd5 Nxd5 8.Qb3 Bxf3
9.gxf3 e6 10.Qxb7 Nxd4 11.Bb5+ Nxb5 12.Qxb5+ Qd7 13.Nxd5 exd5 14.Qxd7+ Kxd7
15.Be3 Ke6 16.O-O-O Bb4 17.Kb1 Rhd8 18.Bd4 f6 19.Rd3 Rd7 20.Rc1 Kf5 21.Rc6 a5
22.Bc5 Re8 23.a3 Re1+ 24.Ka2 Bxc5 25.Rxc5 Ke5 26.Rxa5 Rh1 27.b4 Rxh2 28.Rd2 h5
29.b5 Rb7 30.a4 Kf4 31.Ra8 Kxf3 32.Rh8 Rh4 33.Kb3 g5 34.Rxd5 Ra7 35.b6 Raxa4
36.Rb5 Ra1 37.Kb2 Rhh1 38.Rb3+ Kxf2  0-1

[Event "Masters"]
[Site "Rosny sous Bois FRA"]
[Date "2003.10.31"]
[Round "7"]
[White "Onkoud,A"]
[Black "Crut,A"]
[Result "0-1"]
[WhiteElo "2323"]
[BlackElo "2357"]

1.c4 c6 2.e4 d5 3.exd5 cxd5 4.d4 Nf6 5.Nc3 e6 6.Nf3 Be7 7.Bd3 dxc4 8.Bxc4 O-O
9.O-O Nc6 10.Re1 Nb4 11.Ne5 Nbd5 12.Bd3 Bd7 13.Qf3 Bc6 14.a3 Nxc3 15.Nxc6 bxc6
16.bxc3 c5 17.dxc5 Qd5 18.Qxd5 Nxd5 19.Be4 Rad8 20.c6 Bf6 21.Bb2 Nxc3 22.Bf3 Rb8
23.Bxc3 Bxc3 24.Red1 Bxa1 25.Rxa1 Rfc8 26.Rd1 Rc7 27.h4 Kf8 28.Rd4 Ke7 29.Ra4 f5
30.g4 g6 31.h5 e5 32.gxf5 gxf5 33.Ra5 Kd6 34.Bg2 Rb1+ 35.Kh2 Rb2 36.Kg1 Rb1+
37.Kh2 Rb2 38.Kg1 Rc2 39.Rd5+ Ke6 40.Rd8 e4 41.Bh3 R2xc6 42.Re8+ Kf6 43.Rf8+ Rf7
44.Rxf7+ Kxf7 45.Bxf5 Kg7 46.a4 Rc4 47.Bd7 Kh6 48.Be8 Rc5 49.Kf1 Re5 50.Bf7 Re7
51.Bd5 e3 52.f3 Kxh5 53.Be4 Kg5  0-1

[Event "3rd Rohde Open"]
[Site "Sautron FRA"]
[Date "2003.10.31"]
[Round "7"]
[White "Wirig,A"]
[Black "Bollengier,T"]
[Result "1-0"]
[WhiteElo "2424"]
[BlackElo "2165"]

1.c4 c6 2.Nf3 d5 3.g3 Nf6 4.Bg2 dxc4 5.a4 Bf5 6.Na3 Nbd7 7.Nxc4 e6 8.d3 Bb4+
9.Bd2 Bxd2+ 10.Qxd2 Qc7 11.Nd4 O-O 12.a5 Nc5 13.b4 Na6 14.O-O Qd7 15.Qb2 Nc7
16.a6 Nxa6 17.Nxc6 bxc6 18.Rxa6 Rab8 19.Bxc6 Qc8 20.Rfa1 Nd5 21.Nd6 Qxa6
22.Rxa6 Nxb4 23.Nxf5 exf5 24.Qa3 Nxa6 25.Qxa6 Rb6 26.Qa4 a5 27.d4 Rb4 28.Qa1 Rfb8
29.Kg2 a4 30.d5 R8b6 31.Bxa4  1-0

[Event "Bundesliga 2003-4"]
[Site "Katernberg GER"]
[Date "2003.11.02"]
[Round "2"]
[White "Schneider,Bernd1"]
[Black "Van der Wiel,J"]
[Result "1/2-1/2"]
[WhiteElo "2422"]
[BlackElo "2537"]

1.c4 c6 2.Nc3 d5 3.cxd5 cxd5 4.d4 Nf6 5.Nf3 Nc6 6.Bf4 e6 7.e3 Nh5 8.Be5 Be7
9.Be2 Nf6 10.Bf4 Nh5 11.Be5 Nf6 12.Bf4 Nh5 13.Be5  1/2-1/2

[Event "FSGM November"]
[Site "Budapest HUN"]
[Date "2003.11.05"]
[Round "5"]
[White "Kallio,H"]
[Black "Sarakauskas,G"]
[Result "1/2-1/2"]
[WhiteElo "2493"]
[BlackElo "2428"]

1.c4 c6 2.e4 d5 3.exd5 cxd5 4.d4 Nf6 5.Nc3 Nc6 6.Nf3 Bg4 7.cxd5 Nxd5 8.Qb3 Bxf3
9.gxf3 e6 10.Qxb7 Nxd4 11.Bb5+ Nxb5 12.Qc6+ Ke7 13.Qxb5 Nxc3 14.bxc3 Qd5
15.Rb1 Qxb5 16.Rxb5 a6 17.Rb7+ Kf6 18.Rg1 h6 19.Bf4 Bc5 20.Ke2 g5 21.Bc7 Kf5
22.a4 f6 23.Rgb1 Rh7 24.Bb8 Rh8 25.a5 Rd8 26.Bc7 Rd7 27.Bb8 Rd8 28.h3 Bd6
29.Ba7 Rac8 30.Bb6 Re8 31.Rc1 Re7 32.Rxe7 Bxe7 33.c4 Bc5 34.Kd3 Kf4 35.Bxc5 Rxc5
36.Kd4 Rxa5 37.c5 Ra4+ 38.Kc3 Ra5 39.Kc4 Ra4+ 40.Kc3 Ra5 41.Kb4 Rb5+ 42.Kc4 Kxf3
43.Rc3+ Kxf2 44.Rb3 Rxc5+ 45.Kxc5 h5 46.Kd4 g4 47.hxg4 hxg4 48.Ke4 f5+ 49.Kf4 e5+
50.Kxe5 g3 51.Kf4 g2 52.Rb2+ Kf1 53.Kf3 g1=N+ 54.Ke3 Nh3 55.Ra2 a5 56.Rh2 Ng1
57.Rf2+ Ke1 58.Rxf5 a4 59.Rf2 a3 60.Rh2 a2 61.Rxa2 Kf1 62.Rh2 Ke1 63.Rf2 Nh3
64.Rf5 Ng1 65.Re5 Kf1 66.Rg5 Nh3 67.Rh5 Ng1 68.Rh6 Ne2 69.Rc6 Ke1 70.Rf6 Ng1
71.Rf2 Nh3 72.Rc2 Kf1 73.Kf3 Ng1+ 74.Kf4 Ne2+ 75.Ke3 Ng1 76.Rf2+ Ke1 77.Rb2 Kf1
78.Rb4 Kg2 79.Rg4+ Kf1 80.Rg8 Nh3 81.Rg7 Ng1 82.Rg3 Ne2 83.Rf3+ Ke1 84.Rh3 Ng1
85.Rh1 Kf1 86.Rh2 Ke1 87.Kf4 Ne2+ 88.Kg4 Ng1 89.Kg3 Ne2+ 90.Kg2 Nd4 91.Kg3 Ne2+
92.Kf3 Ng1+ 93.Ke3 Kf1 94.Rh1 Kg2 95.Rxg1+ Kxg1  1/2-1/2

[Event "TCh-CZE Extraliga 2003-4"]
[Site "Czech Rep CZE"]
[Date "2003.11.09"]
[Round "2"]
[White "Sikora Lerch,J"]
[Black "Likavsky,T"]
[Result "0-1"]
[WhiteElo "2340"]
[BlackElo "2482"]

1.c4 c6 2.g3 d5 3.Nf3 Nf6 4.Bg2 Bf5 5.Qb3 Qb6 6.Qxb6 axb6 7.cxd5 Nxd5 8.d3 Nb4
9.Na3 Be6 10.O-O Bxa2 11.Bd2 N8a6 12.Nc2 Nxc2 13.Rxa2 e6 14.Rc1 Ncb4 15.Bxb4 Bxb4
16.Ne5 Ke7 17.Rca1 Ba5 18.Nc4 Nb4 19.Nxb6 Ra6 20.Rxa5 Rxb6 21.f4 Rd8 22.Rc1 Rd4
23.Bf1 Na6 24.Ra2 Rdb4 25.Rc2 Kd6 26.e3 Rb3 27.Rd2 Nb4 28.Ra5 Ra6 29.Rxa6 Nxa6
30.Kf2 Nc5 31.Be2 Na4 32.Bd1 Rxb2 33.Rxb2 Nxb2 34.Bc2 b5 35.Ke2 c5 36.Kd2 h6
37.Kc3 Na4+ 38.Bxa4 bxa4 39.Kc4 f5 40.h3 h5 41.h4 Kc6 42.e4 Kb6  0-1

[Event "Ralston IM"]
[Site "San Francisco USA"]
[Date "2003.11.09"]
[Round "11"]
[White "Lobo,Ri"]
[Black "Ho,M"]
[Result "0-1"]
[WhiteElo "2302"]
[BlackElo "2176"]

1.c4 c6 2.d4 d5 3.Nf3 Nf6 4.Nc3 dxc4 5.a4 Na6 6.e4 Bg4 7.Bxc4 e6 8.O-O Nb4
9.Be3 Be7 10.h3 Bh5 11.g4 Bg6 12.Nd2 O-O 13.f4 c5 14.dxc5 Qc7 15.Nb5 Qc6
16.f5 Bxc5 17.Bxc5 Qxc5+ 18.Rf2 Rad8 19.Nc3 Nd3 20.Bxd3 Rxd3 21.Qe2 Rxh3
22.fxg6 Rg3+ 23.Kh1 Nxg4 24.gxh7+ Kh8 25.Rh2 Nxh2 26.Qxh2 Rg6 27.Qf4 Rd8
28.Rd1 Rxd2 29.Qxd2 Qh5+  0-1

[Event "TCh-SWE 2003-4"]
[Site "Malmo SWE"]
[Date "2003.11.10"]
[Round "2"]
[White "Johansson,To"]
[Black "Eklund,LG"]
[Result "0-1"]
[WhiteElo "2124"]
[BlackElo "2275"]

1.c4 c6 2.g3 d5 3.Bg2 e6 4.d4 Nf6 5.Nf3 Nbd7 6.O-O Bd6 7.Nc3 O-O 8.e4 Nxe4
9.Nxe4 dxe4 10.Ng5 Nf6 11.Nxe4 Nxe4 12.Bxe4 f5 13.Bg2 e5 14.c5 Be7 15.Qb3+ Kh8
16.dxe5 Bxc5 17.Bf4 Qe7 18.Be3 Qxe5 19.Bxc5 Qxc5 20.Rac1 Qb6 21.Qc3 Be6 22.Rfe1 Rae8
23.b3 f4 24.Qc5 fxg3 25.hxg3 Qxc5 26.Rxc5 Kg8 27.Rce5 Bd7 28.Bf1 Rxe5 29.Rxe5 Re8
30.Rxe8+ Bxe8 31.Kg2 Kf7 32.Kf3 Ke6 33.Bd3 h6 34.Ke3 g5 35.f4 Kf6 36.b4 Bg6
37.Be2 Bb1 38.a3 Ke6 39.fxg5 hxg5 40.Kd4 Kd6 41.Bf3 b6 42.Be2 Bf5 43.Bf1 c5+
44.bxc5+ bxc5+ 45.Kc3 Be6 46.Bd3 Ke5 47.Bc2 Bd5 48.Bh7 Be4 49.Bg8 Bb1 50.Kb2 Bf5
51.Kc3 Ke4 52.Kc4 Kf3 53.Kxc5 Kxg3 54.Bf7 Kf4 55.Kd4 g4 56.Bd5 Bc2 57.Be6 g3
58.Bh3 Kf3 59.Ke5 Ba4 60.Be6 Bc6 61.Bh3 Kf2 62.Kf4 Bd7 63.Bf1 a5  0-1

[Event "15th Open"]
[Site "Leuven BEL"]
[Date "2003.11.11"]
[Round "8"]
[White "Aglave,A"]
[Black "Mohandesi,S"]
[Result "0-1"]
[WhiteElo "2119"]
[BlackElo "2329"]

1.c4 c6 2.Nf3 Nf6 3.g3 d5 4.b3 Bg4 5.d4 e6 6.Bg2 Be7 7.O-O O-O 8.Nbd2 h6
9.Bb2 Nbd7 10.Ne5 Nxe5 11.dxe5 Nd7 12.h3 Bh5 13.g4 Bg6 14.e4 Nc5 15.exd5 cxd5
16.cxd5 exd5 17.f4 Bd3 18.f5 Bxf1 19.Qxf1 Bg5 20.Rd1 Qa5 21.Bxd5 Bxd2 22.f6 Ne6
23.fxg7 Qxd5  0-1

[Event "TCh-FIN 2003-4"]
[Site "Finland FIN"]
[Date "2003.11.16"]
[Round "5"]
[White "Kauko,J"]
[Black "Lahtinen,M"]
[Result "1-0"]
[WhiteElo "2254"]
[BlackElo "2290"]

1.c4 c6 2.g3 Nf6 3.Bg2 d5 4.Nf3 Bg4 5.Ne5 Bf5 6.cxd5 cxd5 7.Nc3 e6 8.g4 Bg6
9.h4 Qc7 10.d4 h6 11.Nxg6 fxg6 12.Qd3 Kf7 13.g5 hxg5 14.Bxg5 Bb4 15.Rc1 Nc6
16.O-O Bxc3 17.bxc3 Qd7 18.c4 Rac8 19.Rfd1 Ne7 20.cxd5 exd5 21.Bh3 Nf5 22.Rxc8 Rxc8
23.f3 Qa4 24.h5 Nxh5 25.Bxf5 gxf5 26.Qxf5+ Nf6 27.Rb1 Qxd4+ 28.e3 Qc5 29.Bxf6 Qxe3+
30.Kg2  1-0

[Event "TCh-SLO"]
[Site "Celje SLO"]
[Date "2003.11.19"]
[Round "4"]
[White "Krumpacnik,D"]
[Black "Crepan,M"]
[Result "1/2-1/2"]
[WhiteElo "2364"]
[BlackElo "2286"]

1.c4 c6 2.g3 Nf6 3.Bg2 d5 4.cxd5 cxd5 5.Nf3 Nc6 6.d4 Bf5 7.Nc3 e6 8.Nh4 Bg4
9.Qd3 a6 10.O-O Rc8 11.h3 Bh5 12.e4 dxe4 13.Nxe4 Be7 14.Bg5 O-O 15.Nxf6+ Bxf6
16.Bxf6 Qxf6 17.Nf3 Rfd8 18.g4 Bg6 19.Qe3 h6 20.Rac1 Nb4 21.a3 Nd5 22.Qe5 Nf4
23.Qxf6 gxf6 24.Rc5 Be4 25.Re1 Bd5 26.Kh2 b6 27.Rxc8 Rxc8 28.Kg3 Nxg2 29.Kxg2 Rc2
30.b4 Rd2 31.Kg3 Bxf3 32.Kxf3 Rxd4 33.Ke3 Rd5 34.Rc1 a5 35.f3 Kg7 36.Rc6 axb4
37.axb4 Rb5 38.Rc4 f5 39.f4 Kf6 40.gxf5  1/2-1/2

[Event "Claude Pecaut Mem"]
[Site "Taormina ITA"]
[Date "2003.11.19"]
[Round "5"]
[White "Aldrovandi,C"]
[Black "Ortega,Le"]
[Result "0-1"]
[WhiteElo "2414"]
[BlackElo "2462"]

1.c4 c6 2.g3 d5 3.Bg2 dxc4 4.Na3 e5 5.Nxc4 f6 6.d3 Be6 7.Qc2 Bb4+ 8.Nd2 Nh6
9.Nf3 Nf5 10.O-O Be7 11.Nb3 Na6 12.e4 Bxb3 13.Qxb3 Nc5 14.Qc4 Nd4 15.Nxd4 Qxd4
16.Qxd4 exd4 17.Rd1 a5 18.h4 Kf7 19.Bh3 Rhd8 20.Kf1 a4 21.Ke2 Ra5 22.Bf4 Rb5
23.Rab1 Ra8 24.Rdc1 Ra6 25.Rc4 a3 26.b3 Rxb3 27.axb3 a2 28.Rcc1 axb1=Q 29.Rxb1 Ra2+
30.Bd2 Na6 31.Ke1 Bb4 32.Rd1 Rxd2 33.Rxd2 Nc5 34.Kd1 Bxd2 35.Kxd2 Nxb3+ 36.Kc2 Nc5
37.Bf1 Ke6 38.Kb2 b5 39.Ka3 Kd6 40.f4 Na4 41.g4 h6 42.Bg2 c5 43.Bf1 Nc3 44.Kb3 Nd1
45.Be2 Ne3 46.Bf3 c4+ 47.dxc4 bxc4+ 48.Kb2 c3+ 49.Kb3 c2 50.Kb2 d3 51.Kc1 Kc5  0-1

[Event "Open Bali A"]
[Site "Benidorm ESP"]
[Date "2003.11.21"]
[Round "1"]
[White "Fossum,Oy"]
[Black "Tscharotschkin,M"]
[Result "1-0"]
[WhiteElo "2098"]
[BlackElo "2214"]

1.c4 c6 2.Nf3 d5 3.b3 Nf6 4.Bb2 Nbd7 5.g3 g6 6.Bg2 Bg7 7.O-O O-O 8.d4 e6
9.Nc3 b6 10.Qc2 Bb7 11.Rad1 Qe7 12.e4 dxe4 13.Nxe4 Nxe4 14.Qxe4 Rfd8 15.Rfe1 Rab8
16.Qe2 Qf6 17.Rd2 Qf5 18.Ne5 Nxe5 19.dxe5 Qg5 20.Red1 Qe7 21.Rd6 Rxd6 22.exd6 Qd7
23.Bxg7 Kxg7 24.c5 bxc5 25.Qe5+ Kg8 26.Qxc5 Ba8 27.Bf1 Rb6 28.h4 h5 29.b4 Kg7
30.Be2 Bb7 31.a4 Ba8 32.Kh2 Rb8 33.Rd4 f6 34.Bf3 Rd8 35.Bg2 e5 36.Rd2 a6
37.Bh3 Qf7 38.Qb6 Qf8 39.Qxa6 f5 40.Qa7+ Qf7 41.Qc5 Kf6 42.Bf1 Qe6 43.Bc4 Qe8
44.d7  1-0

[Event "Open Bali A"]
[Site "Benidorm ESP"]
[Date "2003.11.22"]
[Round "2"]
[White "Coves Sepulcre,L"]
[Black "Fabre Massana,M"]
[Result "1/2-1/2"]
[WhiteElo "1957"]
[BlackElo "2159"]

1.c4 c6 2.g3 d5 3.b3 Bf5 4.Bg2 dxc4 5.bxc4 Qd4 6.Nc3 Qxc4 7.Nf3 Nf6 8.Bb2 Nbd7
9.O-O e6 10.d3 Qa6 11.Qa4 Qxa4 12.Nxa4 Be7 13.Rab1 Rb8 14.Rfc1 c5 15.Be5 Nxe5
16.Nxe5 b6 17.Nxc5 Bxc5 18.Rxc5 Ke7  1/2-1/2

[Event "Open Bali A"]
[Site "Benidorm ESP"]
[Date "2003.11.23"]
[Round "3"]
[White "Stoeckmann,H"]
[Black "Vinas Guerrero,C"]
[Result "0-1"]
[WhiteElo "2171"]
[BlackElo "2098"]

1.c4 c6 2.e4 d5 3.exd5 cxd5 4.d4 Nf6 5.Nc3 Nc6 6.h3 dxc4 7.Nf3 e6 8.Bxc4 Be7
9.O-O O-O 10.Bf4 Na5 11.Bd3 b6 12.Qe2 Bb7 13.Rfd1 Rc8 14.Rac1 Re8 15.Bg3 g6
16.Ne5 Nd5 17.Bh2 Bg5 18.Rc2 Nf4 19.Bxf4 Bxf4 20.Be4 Qe7 21.g3 Bh6 22.f4 Red8
23.Rcd2 Bg7 24.Kh2 Bd5 25.Nxd5 exd5 26.Bf3 Qd6 27.Qg2 Rc7 28.Re2 h5 29.f5 Nc4
30.fxg6 fxg6 31.Rde1 Nxe5 32.dxe5 Qe6 33.g4 h4 34.g5 a5 35.Bg4 Qe7 36.e6 Qd6+
37.Kh1 Re7 38.Rd2 d4 39.Qe4 Qd5 40.Bf3 Qxe4 41.Bxe4 Kh7 42.Bc6 Rd6 43.Bd7 Rd5
44.Re4 Rxg5 45.Rxh4+ Rh5 46.Rxh5+ gxh5 47.Kg2 Kg6 48.Kf3 Kf5 49.Rg2 Bh6 50.Ke2 Bg5
51.Kd3 Bf6 52.Rf2+ Ke5 53.Rg2 Kd6 54.Ke4 Rg7 55.Rc2 Rg3 56.Kf5 Rf3+ 57.Kg6 d3
58.Rd2 Ke7 59.Kxh5 Rxh3+ 60.Kg4 Re3 61.Kf4 Rh3 62.Ke4 Rh4+ 63.Kd5 Rd4+ 64.Kc6 Rd6+
65.Kb5 Bxb2 66.Kc4 Rd4+ 67.Kb5 Bc3 68.Rd1 Rb4+ 69.Kc6 d2 70.Kc7 Be5+ 71.Kc6 Bf4
72.Kd5 b5 73.Rh1 Bg5 74.Rd1 Rb2  0-1

[Event "7th Cup IM"]
[Site "Paks HUN"]
[Date "2003.11.23"]
[Round "5"]
[White "Poulsen,Ma"]
[Black "Szuhanek,R"]
[Result "0-1"]
[WhiteElo "2252"]
[BlackElo "2455"]

1.c4 c6 2.d4 d5 3.Nc3 Nf6 4.cxd5 cxd5 5.Bf4 Nc6 6.e3 a6 7.Nf3 e6 8.Be2 Be7
9.h3 Bd7 10.O-O b5 11.Ne5 O-O 12.Bd3 Na5 13.Qe2 Nc4 14.a4 b4 15.Nb1 Nxe5
16.Bxe5 Qb6 17.Nd2 Rfc8 18.Nb3 Ne4 19.f3 Nf6 20.a5 Qa7 21.Rfc1 Bc6 22.Rc2 Nd7
23.Bg3 h6 24.Rac1 Qb7 25.e4 Bd8 26.Bd6 Bg5 27.Ra1 dxe4 28.fxe4 Bf6 29.Rc4 Qa7
30.Rxb4 e5 31.Bc5 Nxc5 32.dxc5 Bd8 33.Bc4 Be8 34.Bd5 Rab8 35.Qc4 Rxb4 36.Qxb4 Rb8
37.Qc3 Bb5 38.Kh1 Qe7 39.Nd2 Kh8 40.b4 Bc7 41.Nc4 f5 42.exf5 e4 43.Re1 Bxc4
44.Rxe4 Qg5 45.Rg4 Rxb4 46.Bxc4 Rb1+  0-1

[Event "Open Bali A"]
[Site "Benidorm ESP"]
[Date "2003.11.26"]
[Round "7"]
[White "Stoeckmann,H"]
[Black "Martin Perez,J"]
[Result "1/2-1/2"]
[WhiteElo "2171"]
[BlackElo "2255"]

1.c4 c6 2.Nc3 d5 3.cxd5 cxd5 4.d4 Nf6 5.Nf3 Nc6 6.g3 Ne4 7.Bg2 g6 8.O-O Bg7
9.e3 Nxc3 10.bxc3 O-O 11.Nd2 Bf5 12.Qb3 e6 13.Qxb7 Na5 14.Qa6 Qc7 15.Ba3 Rfc8
16.Bb4 Nc4 17.Nxc4 Bd3 18.Rfc1 Bxc4 19.Qa3 h5 20.h4 Qd7 21.Bc5 Rcb8 22.Rcb1 a6
23.Rb2 Rb5 24.Bf1 Rab8 25.Rab1 Bxf1 26.Kxf1 Bh6 27.Rb4 e5 28.Kg1 Bxe3 29.fxe3 Qh3
30.Qb2 Qxg3+ 31.Qg2 Qxe3+ 32.Qf2 Qxc3 33.Rxb5 Rxb5 34.Rxb5 axb5 35.dxe5 Qxe5
36.Bd4 Qe6 37.Kf1 Kf8 38.Bc5+ Ke8 39.Qe2 Qxe2+ 40.Kxe2 f6 41.Ke3 g5 42.Kd4 Kd7
43.Kxd5 Kc8 44.Kc6  1/2-1/2

[Event "Fakel Jamala"]
[Site "Noyabrsk RUS"]
[Date "2003.11.26"]
[Round "9"]
[White "Yakovich,Y"]
[Black "Miroshnichenko,E"]
[Result "1/2-1/2"]
[WhiteElo "2573"]
[BlackElo "2571"]

1.c4 c6 2.e4 d5 3.exd5 cxd5 4.d4 Nf6 5.Nc3 g6 6.Qb3 Bg7 7.cxd5 O-O 8.Nge2 Nbd7
9.Nf4 Ne8 10.Be3 Nd6 11.Be2 Nb6 12.a4 a5 13.O-O Bd7 14.Nd3 Nbc4 15.Nc5 Nxe3
16.fxe3 Bc8 17.Bd3 b6 18.N5e4 Nf5 19.Rae1 e6 20.dxe6 Bxe6 21.d5 Bc8 22.Nd2 Nd6
23.Nb5 Nb7 24.Bc4 Nc5 25.Qc2 Bd7 26.e4 Rc8 27.e5 Bxb5 28.axb5 Nd7 29.e6 Ne5
30.exf7+ Kh8 31.b3 Nxf7 32.Kh1  1/2-1/2

[Event "34th NCC"]
[Site "Philadelphia USA"]
[Date "2003.11.28"]
[Round "2"]
[White "Sarkar,J"]
[Black "Kleiman,J"]
[Result "1-0"]
[WhiteElo "2369"]
[BlackElo "2237"]

1.c4 c6 2.Nc3 d5 3.d4 Nf6 4.Nf3 a6 5.Ne5 Nbd7 6.Bf4 dxc4 7.Nxc4 Nd5 8.Bd2 b5
9.Nxd5 cxd5 10.Ba5 dxc4 11.Bxd8 Kxd8 12.Qd2 Bb7 13.a4 e5 14.axb5 exd4 15.bxa6 Bc5
16.Qa5+ Ke7 17.Qb5 Bd5 18.a7 Rhc8 19.e4 dxe3 20.fxe3 Rc7 21.Bxc4 Bxg2 22.Rg1 Bc6
23.Qb3 Rb7 24.Qc2 g6 25.Ra6 Ne5 26.Rxc6 Nxc6 27.Bd5 Kd6 28.Bxc6 Kxc6 29.b4 Rxb4
30.Qg2+  1-0

[Event "33rd Rilton Cup"]
[Site "Stockholm SWE"]
[Date "2003.12.04"]
[Round "8"]
[White "Carstensen,J"]
[Black "Braun,A"]
[Result "0-1"]
[WhiteElo "2280"]
[BlackElo "2440"]

1.c4 c6 2.d4 d5 3.Nf3 Nf6 4.Nc3 a6 5.cxd5 cxd5 6.e3 Nc6 7.Ne5 e6 8.f4 Nxe5
9.fxe5 Ne4 10.Qf3 Bb4 11.Bd2 Bxc3 12.bxc3 Bd7 13.Bd3 Qh4+ 14.g3 Qe7 15.Rb1 Bb5
16.Bc2 Qa3 17.Bxe4 dxe4 18.Qg4 O-O 19.Rg1 Bd3 20.Ra1 Rac8 21.Rc1 Qxa2 22.h4 f6
23.c4 f5 24.Qg5 Rxc4 25.Rxc4 Bxc4 26.g4 Qb1+ 27.Kf2 Qc2 28.Ke1 Qd3  0-1

[Event "TCh-CZE Extraliga 2003-4"]
[Site "Czech Rep CZE"]
[Date "2003.12.07"]
[Round "4"]
[White "Talla,V"]
[Black "Buchnicek,P"]
[Result "1-0"]
[WhiteElo "2367"]
[BlackElo "2323"]

1.c4 c6 2.g3 d5 3.Bg2 Nf6 4.Nf3 Bg4 5.cxd5 cxd5 6.Ne5 Bf5 7.Qa4+ Nc6 8.Nc3 Qd6
9.d4 Qb4 10.Nxc6 Qxa4 11.Nxa4 bxc6 12.O-O Bc2 13.b3 e6 14.Bb2 Rc8 15.Rfc1 Bg6
16.Bf1 Nd7 17.e3 Nb8 18.a3 Bd6 19.Nc5 Rc7 20.b4 Ke7 21.Rc3 f6 22.Rac1 Be8
23.f3 Bd7 24.e4 Re8 25.Bg2 Kd8 26.f4 Bc8 27.e5 fxe5 28.dxe5 Bxc5+ 29.Rxc5 Ba6
30.Bd4 Bb5 31.Bf1 Na6 32.R5c3 Bxf1 33.Rxf1 Kd7 34.g4 g6 35.f5 gxf5 36.gxf5 Rg8+
37.Kh1 exf5 38.Rxf5 Kc8 39.e6 Kb7 40.Be5 Rcc8 41.Rf7+ Kb6 42.Bd4+ c5 43.bxc5+ Nxc5
44.e7 Rge8 45.Rf8  1-0

[Event "TCh-AUT B Mitte 2003-4"]
[Site "Trofaiach AUT"]
[Date "2003.12.07"]
[Round "4"]
[White "Petschar,K"]
[Black "Bukal,V jr"]
[Result "1-0"]
[WhiteElo "2281"]
[BlackElo "2386"]

1.c4 c6 2.e4 d5 3.exd5 cxd5 4.d4 Nf6 5.Nc3 Nc6 6.Nf3 e6 7.cxd5 exd5 8.Bb5 Be7
9.Ne5 Bd7 10.Bxc6 bxc6 11.O-O O-O 12.Bg5 h6 13.Bh4 Rb8 14.b3 Rc8 15.Na4 Rc7
16.Rc1 Qc8 17.Nc5 Bf5 18.Re1 Bxc5 19.Rxc5 Ne4 20.Rc1 c5 21.f3 Ng5 22.dxc5 Rxc5
23.Bf2 Rxc1 24.Qxc1 Re8 25.Qxc8 Rxc8 26.Bxa7 Rc2 27.a4 h5 28.Rd1 Ne6 29.Rxd5 Nf4
30.Rd8+ Kh7 31.g3 Nh3+ 32.Kf1 f6 33.Nc4 Ng5 34.Nd2 Nf7 35.Rd4 Ne5 36.Bb6 g5
37.a5 Ra2 38.h4 Nd3 39.Ke2 Ne5 40.hxg5  1-0

[Event "22nd SEA Games Standard"]
[Site "Ho Chi Minh City VIE"]
[Date "2003.12.09"]
[Round "3"]
[White "Villamayor,B"]
[Black "Megaranto,S"]
[Result "1/2-1/2"]
[WhiteElo "2484"]
[BlackElo "2437"]

1.c4 c6 2.Nf3 d5 3.g3 Nf6 4.Bg2 Bf5 5.cxd5 cxd5 6.Qb3 Bc8 7.Nc3 Nc6 8.d4 e6
9.O-O Be7 10.Bf4 Nh5 11.Be3 O-O 12.Ne5 Na5 13.Qc2 Bd7 14.Rac1 Rc8 15.Qd3 Nf6
16.Bf4 Nc4 17.b3 Nd6 18.g4 Bc6 19.h3 a6 20.Nxc6 Rxc6 21.Na4 Rxc1 22.Rxc1 h5
23.Bf3 hxg4 24.hxg4 Nde4 25.Bxe4 Nxe4 26.f3 Bg5 27.Qe3 Qd6 28.Bxg5 Qg3+ 29.Kf1 Qh3+
30.Kg1 Qg3+  1/2-1/2

[Event "Bundesliga 2003-4"]
[Site "Bremen GER"]
[Date "2003.12.12"]
[Round "7"]
[White "Agrest,E"]
[Black "Schandorff,L"]
[Result "1-0"]
[WhiteElo "2605"]
[BlackElo "2520"]

1.c4 c6 2.Nf3 d5 3.d4 Nf6 4.Qb3 dxc4 5.Qxc4 Bg4 6.Nbd2 Nbd7 7.h3 Bh5 8.g3 e6
9.Bg2 Be7 10.O-O Bg6 11.Qb3 Nb6 12.a4 a5 13.Ne5 Qxd4 14.Ndc4 Nxc4 15.Nxc4 Qa7
16.Bd2 Be4 17.Bxa5 Bd5 18.Bb4 Bxb4 19.Qxb4 Bxc4 20.Qxc4 O-O 21.Rfd1 Rfd8
22.Rd3 h6 23.b3 Rxd3 24.Qxd3 Qc5 25.e4 e5 26.Ra2 Qa5 27.Rd2 b5 28.axb5 Qxb5
29.Qc3 Rb8 30.Rd3 Nh7 31.Bf1 Nf8 32.Rf3 Qb4 33.Qxe5 Ng6 34.Qf5 Qe7 35.Rc3 Rd8
36.Rxc6 Rd1 37.Kg2 Nf8 38.Qf3 Re1 39.Bc4  1-0

[Event "1st GM"]
[Site "Kish IRI"]
[Date "2003.12.18"]
[Round "8"]
[White "Moradiabadi,E"]
[Black "Ghane,S"]
[Result "1-0"]
[WhiteElo "2354"]
[BlackElo "2371"]

1.c4 c6 2.e4 e5 3.Nf3 d6 4.d4 Bg4 5.Be2 Nf6 6.Nc3 Nbd7 7.O-O Be7 8.Be3 Bh5
9.d5 O-O 10.Nd2 Bg6 11.b4 Ne8 12.Bg4 h6 13.dxc6 bxc6 14.Qa4 Ndf6 15.Bf3 Qc8
16.Nb3 Qc7 17.Rac1 Nh7 18.Na5 Rc8 19.b5 cxb5 20.cxb5 Qd7 21.Nc6 Nc7 22.Nxa7 Ng5
23.Be2 Ra8 24.b6 Qxa4 25.Nxa4 Nce6 26.f3 Nd4 27.Bxd4 exd4 28.Bc4 Bd8 29.b7 Rxa7
30.b8=Q Rxa4 31.Bb3 Ra6 32.Rc8 Rb6 33.Qa8 Be7 34.Rfc1 d3 35.Rxf8+ Bxf8 36.Rc8 Nh7
37.Qd5 Nf6 38.Qxd3 d5 39.Qd4 Nd7 40.Qxd5  1-0

[Event "BC Masters"]
[Site "Bois Colombes FRA"]
[Date "2003.12.26"]
[Round "5"]
[White "Marcelin,C"]
[Black "Rainfray,A"]
[Result "1-0"]
[WhiteElo "2473"]
[BlackElo "2409"]

1.c4 c6 2.e4 d5 3.exd5 cxd5 4.cxd5 Nf6 5.Nc3 g6 6.Bc4 Nbd7 7.d3 Nb6 8.Qb3 Bg7
9.Nf3 O-O 10.O-O Bg4 11.Ne5 Bf5 12.Re1 Nfd7 13.Nxd7 Qxd7 14.Bg5 Nc8 15.Qa3 e6
16.Qb3 e5 17.Ne4 Bxe4 18.dxe4 Nd6 19.f3 f5 20.Bd3 Rac8 21.h3 b6 22.Rac1 fxe4
23.fxe4 Bf6 24.Rxc8 Nxc8 25.Bh6 Bg7 26.Be3 Nd6 27.Rf1 Rxf1+ 28.Kxf1 Qe7 29.Qc2 Bf8
30.g3 Bg7 31.Kg2 Bf8 32.Bd2 Qf7 33.Qc6 Qe7 34.Qa8 Qd7 35.Bh6 Qc8 36.Qxc8 Nxc8
37.Bd2 Kf7 38.Bc3 Bg7 39.Ba6 Nd6 40.Kf2 Bf6 41.a4 Ke7 42.Ke3 Kd7 43.Kd3 Kc7
44.b3 Nf7 45.Bc4 Nd6 46.Ba6 Nf7 47.h4 Nd6 48.a5 Kd7 49.axb6 axb6 50.Ke3 Kd8
51.Kf3 Ke8 52.Bd3 Kd8 53.Kg4 Ke8 54.Kh3 h5 55.Bd2 Kf7 56.Be3 Bd8 57.Bf2 Kf6
58.g4 hxg4+ 59.Kxg4 Kf7 60.Be3 Bf6 61.Bf2 Bd8 62.Kf3 Ke8 63.Kg4 Kf7 64.Be3 Kg7
65.h5 gxh5+ 66.Kxh5 Kf7 67.Kh6 Nc8 68.Be2 Nd6 69.Bf3 Bc7 70.Bg1 Kf6 71.Bf2 Nf7+
72.Kh5 Nd6 73.Bh4+ Kf7 74.Kh6 Kf8 75.Kg6 Ke8 76.Bf6 Nb5 77.Bg5 Nd4 78.Bd1 Kd7
79.Kf7 Bd6 80.Be3 Bc5 81.Bd2 Be7 82.Bc3 Bd6 83.Be1 Bc7 84.Bg4+  1-0

[Event "North American Open"]
[Site "Las Vegas USA"]
[Date "2003.12.26"]
[Round "1"]
[White "Barcenilla,R"]
[Black "Marrero,D"]
[Result "1-0"]
[WhiteElo "2494"]
[BlackElo "2255"]

1.c4 c6 2.Nf3 Nf6 3.b3 g6 4.Bb2 Bg7 5.g3 O-O 6.Bg2 d5 7.O-O Na6 8.d3 Bg4
9.Nbd2 Qc8 10.cxd5 Nxd5 11.Bxg7 Kxg7 12.Qc2 Rd8 13.Qb2+ Nf6 14.Rac1 Kg8 15.b4 Nc7
16.Nc4 Bh3 17.Na5 Bxg2 18.Kxg2 Rb8 19.Rc4 Rd5 20.Rfc1 Rh5 21.h4 h6 22.a4 Qd8
23.Qd2 Kg7 24.e4 Ne6 25.e5 Nd7 26.Re4 Rf5 27.g4 Rxf3 28.Kxf3 g5 29.Nc4 c5
30.Rh1 Qc7 31.Kg2 Nf4+ 32.Kg1 cxb4 33.hxg5 hxg5 34.Rxf4 gxf4 35.Qxf4 Qc6
36.Nd6 Qxh1+ 37.Kxh1 exd6 38.Qg5+ Kf8 39.Qh6+ Ke8 40.exd6  1-0

[Event "33rd Rilton Cup"]
[Site "Stockholm SWE"]
[Date "2003.12.28"]
[Round "2"]
[White "Timmermans,I"]
[Black "Braun,A"]
[Result "0-1"]
[WhiteElo "2213"]
[BlackElo "2440"]

1.c4 c6 2.e4 d5 3.exd5 cxd5 4.d4 Nf6 5.Nc3 e6 6.Nf3 Be7 7.cxd5 Nxd5 8.Bd3 O-O
9.O-O Nc6 10.Re1 Nf6 11.a3 b6 12.Bg5 Bb7 13.Bc2 Rc8 14.Qd3 g6 15.Bh6 Re8
16.Rad1 Nd5 17.Bb3 Nxc3 18.bxc3 Bxa3 19.d5 exd5 20.Rxe8+ Qxe8 21.Bxd5 Rc7
22.h4 Bf8 23.Bf4 Rd7 24.Qb5 Bc5 25.h5 a6 26.Qb1 Kg7 27.hxg6 hxg6 28.c4 f6
29.Nd2 Nd4 30.Re1 Re7 31.Rxe7+ Qxe7 32.Bxb7 Qxb7 33.Qd3 Qd7 34.Ne4 Qg4 35.Be3 Nf3+
36.Kf1 Qxg2+ 37.Ke2 Qg4  0-1

[Event "Christmas Open"]
[Site "Zurich SUI"]
[Date "2003.12.28"]
[Round "4"]
[White "Raetsky,A"]
[Black "Trabert,B"]
[Result "1-0"]
[WhiteElo "2422"]
[BlackElo "2222"]

1.c4 c6 2.d4 d5 3.Nf3 e6 4.g3 Nf6 5.Bg2 Be7 6.O-O O-O 7.Nc3 Nbd7 8.b3 b6
9.Bb2 Bb7 10.Qc2 Rc8 11.e4 c5 12.exd5 exd5 13.Rfd1 Qc7 14.cxd5 Nxd5 15.Nxd5 Bxd5
16.dxc5 Bxf3 17.Bxf3 Nxc5 18.Bd5 Rcd8 19.Qf5 Qc8 20.Qh5 b5 21.Rac1 Qa6 22.b4 Ne6
23.a3 Rc8 24.Qg4 g6 25.Qe4 Rxc1 26.Rxc1 Qd6 27.Rc6 Ng5 28.Qd4  1-0

[Event "33rd Rilton Cup"]
[Site "Stockholm SWE"]
[Date "2003.12.29"]
[Round "3"]
[White "Korchnoi,V"]
[Black "Braun,A"]
[Result "1/2-1/2"]
[WhiteElo "2580"]
[BlackElo "2440"]

1.c4 c6 2.e4 d5 3.exd5 cxd5 4.cxd5 Nf6 5.Nc3 Nxd5 6.Nf3 Nc6 7.Bb5 Nxc3 8.bxc3 Qd5
9.Qb3 Be6 10.O-O a6 11.c4 Qxb5 12.cxb5 Bxb3 13.axb3 Nb4 14.d4 e6 15.Bd2 Nd5
16.Rfc1 Bd6 17.bxa6 bxa6 18.Rc6 Ke7 19.Ng5 Rhc8 20.Rcxa6 Rxa6 21.Rxa6 Rc2
22.Ne4 Bf4 23.Ra7+ Kf8 24.Ra8+  1/2-1/2